000 00553nam a2200193Ia 4500
005 20260114185837.0
008 008 260114s9999 xx 000 0 eng d
020 _a9781847888853
037 _aEBOOK
040 _aCRL
_beng
_cCRL
041 _aeng
_2eng
084 _qCRL
100 _aLouise Crewe and Nicky Gregson
_9875092
245 0 _aSecond-Hand Cultures
260 _bBloomsbury
_c2010
856 _uhttps://doi.org/10.2752/9781847888853?locatt=label:secondary_bloomsburyCollections
942 _cEBOOK
999 _c1474026
_d1474026